| 000 | 01254nam a22003377a 4500 | ||
|---|---|---|---|
| 003 | CHAP | ||
| 005 | 20220817044313.0 | ||
| 008 | 091127s2009 mx r 00010 spa d | ||
| 010 | _a97152 | ||
| 011 | _a98124 | ||
| 035 | _a108807 | ||
| 040 | _cCHAP | ||
| 090 | _aTesis | ||
| 100 | 1 |
_aCruz Alonso, Lucila _929281 |
|
| 245 | 1 | 0 |
_aCaracterización del desarrollo económico y agrícola de la región Norte en el Estado de Oaxaca _c/por Lucila Cruz Alonso |
| 260 |
_aChapingo, Méx. : _bEl autor, _c2009 |
||
| 300 |
_ax, 136 h. : _bcuadros, gráfs. |
||
| 502 | _aTesis (Lic. en Economía Agrícola) -- UACH. División de Ciencias Económico- Administrativas | ||
| 590 |
_aALEPH _b10 _c20130110 _lUCH01 _h1531 |
||
| 590 |
_aBATCH-UPD _b10 _c20130110 _lUCH01 _h1010 |
||
| 590 |
_aBATCH-UPD _b10 _c20130410 _lUCH01 _h0619 |
||
| 590 |
_aBATCH-UPD _b10 _c20130914 _lUCH01 _h0049 |
||
| 590 |
_aCONVERSION _b10 _c20130109 _lUCH01 _h1354 |
||
| 650 | 1 | 4 |
_aAgricultura _xOaxaca. _91756 |
| 650 | 1 | 4 | _aDesarrollo económico. |
| 650 | 1 | 4 |
_aPoblación rural _zOaxaca. _989460 |
| 901 | _aBK | ||
| 942 | _cFOLL | ||
| 949 |
_aTesis _bBC _cTES _d33724002132652 _eTS1 _gdonaciØn _h49758 _i108807 _sb |
||
| 949 |
_aTesis _bBC _cTES _d33724002132694 _eTS2 _fc.2 _gDonaciØn _h49759 _i108807 _sb |
||
| 999 |
_c97152 _d97152 |
||